000 01016nam0a22002891 4500
001 RU\NLR\INFOCOMM\LIB\13813
005 20250617205112.0
010 _bnid.
_95000экз.
035 _a(NLR Aleph) 004283951
090 _a2385703
_c2385703
100 _a20011227d1980 |||y0rusy50 ca
101 1 _afin
_crus
102 _aRU
105 _ay ||||000ay
200 1 _aNeuvostoliiton uhka: todellisuusko vai taru?
_eTutkielma
_fNinel ja Juri Streltsov
210 _aМ.
_cUutistoimisto"Novostin"(APN)kust.Liike
_d1980
215 _a82с.
_d16 см
300 _aВ вып. дан.: Советская угроза: реальность или миф?/Нинель и Юрий Стрельцовы
320 _aБиблиогр в примеч.: с.77-82
700 1 _aStrel'cova
_bN.
_gNinel'
_4070
701 1 _aStrel'cov
_bJ.G.
_gJurij Grigor'evič
_4070
801 1 _aRU
_bInfoComm
_c20011227
801 0 _aRU
_bNLR
_gPSBO
_c19810922
852 _aNLR
_bН
_jФин/2-8531
942 _cBOOK
980 _aNB